Neuroendocrine Control of Energy Metabolism (Record no. 34797)

MARC details
000 -LEADER
fixed length control field 01342nam a2200133Ia 4500
008 - FIXED-LENGTH DATA ELEMENTS--GENERAL INFORMATION
fixed length control field 220620s9999||||xx |||||||||||||| ||und||
020 ## - INTERNATIONAL STANDARD BOOK NUMBER
International Standard Book Number 9783040000000
245 #0 - TITLE STATEMENT
Title Neuroendocrine Control of Energy Metabolism
546 ## - LANGUAGE NOTE
Language note English[eng]
650 ## - SUBJECT ADDED ENTRY--TOPICAL TERM
Topical term or geographic name entry element IGF1||IGF2||IGFBP2||high-fat diet||obesity||sex differences||neuropeptides||beige adipocyte||white adipocyte||brown adipocyte||diabetes mellitus||differentiation||kisspeptin||AgRP||sheep||reproduction||LH||genistein||proopiomelanocortin||arcuate nucleus||rats||endocrine disrupting chemicals||bisphenol A||diethylstilbestrol||tributyltin||neuropeptide Y||pro-opiomelanocortin||phytoestrogens||endocrine disruptor||dimorphism||POMC||orexin||subfornical organ||organum vasculosum of the lamina terminalis||area postrema||hypothalamus||metabolism||diabetes||estrogens||gut permeability/integrity||insulin sensitivity||Akkermansia||gut microbiome||lactate||glycogen||behavior||learning||astrocytes||calcium signaling||energy balance||gliotransmission||systemic metabolism||amygdala||kisspeptins||food intake||body weight||intrauterine growth restriction||macrosomia||glucose tolerance||abdominal adipocyte gene expression||thrifty phenotype hypothesis
700 ## - ADDED ENTRY--PERSONAL NAME
Personal name Panzica, Giancarlo||Gotti, Stefano||Collado Guirao, Paloma
856 ## - ELECTRONIC LOCATION AND ACCESS
Uniform Resource Identifier <a href="https://mdpi.com/books/pdfview/book/5164">https://mdpi.com/books/pdfview/book/5164</a>
942 ## - ADDED ENTRY ELEMENTS (KOHA)
Koha item type E-Books
Holdings
Withdrawn status Lost status Damaged status Not for loan Home library Current library Date acquired Total Checkouts Date last seen Price effective from Koha item type
        Kerala University of Digital Sciences, Innovation and Technology Knowledge Centre Kerala University of Digital Sciences, Innovation and Technology Knowledge Centre 20/06/2022   20/06/2022 20/06/2022 E-Books